Вып. 5: Управление. Релейная защита. Регулирование. Радиопомехи; Электропередача 380 кв. в Швеции

Bibliografische gegevens
Parent link:Электропередача 380 кв. в Швеции: в 5 вып./ под ред. А. Б. Крикунчика. Вып. 5: Управление. Релейная защита. Регулирование. Радиопомехи.— , 1957
Taal:Russisch
Gepubliceerd in: 1957
Onderwerpen:
Formaat: Boek
KOHA link:https://koha.lib.tpu.ru/cgi-bin/koha/opac-detail.pl?biblionumber=317434

MARC

LEADER 00000nam2a2200000 4500
001 317434
005 20231102002956.0
035 |a (RuTPU)RU\TPU\book\342902 
035 |a RU\TPU\book\342808 
090 |a 317434 
100 |a 20160408d1957 k y0rusy50 ca 
101 1 |a rus  |c eng 
102 |a RU 
105 |a a z 001zy 
200 0 |a Вып. 5: Управление. Релейная защита. Регулирование. Радиопомехи 
210 |d 1957 
215 |a 96 с.  |c ил. 
320 |a Библиогр.: с. 75 
461 1 |0 (RuTPU)RU\TPU\book\317129  |t Электропередача 380 кв. в Швеции  |o в 5 вып.  |o [сборник переводов]  |f под ред. А. Б. Крикунчика  |v Вып. 5: Управление. Релейная защита. Регулирование. Радиопомехи  |d 1957  |s Энергетика за рубежом 
606 1 |a Электрические линии передачи, высоковольтные  |x Релейная защита  |2 stltpush  |3 (RuTPU)RU\TPU\subj\27059  |9 50866 
610 1 |a электрические станции 
610 1 |a электрические подстанции 
610 1 |a повреждения 
610 1 |a защита 
610 1 |a сверхвысокое напряжение 
610 1 |a регуляторы 
610 1 |a гидравлические турбины 
610 1 |a анализ 
610 1 |a частота 
610 1 |a нагрузки 
610 1 |a распределение 
610 1 |a радиопомехи 
610 1 |a телефонные цепи 
610 1 |a радиопередача 
675 |a 621.316.925  |v 4 
801 1 |a RU  |b 63413507  |c 20160407 
801 2 |a RU  |b 63413507  |c 20171030  |g RCR 
942 |c BK